Poppy Playtime Locations - Statistics

General Stats
  • This quiz has been taken 116 times
    22 since last reset
  • The average score is 11 of 93
Answer Stats
Chapter Location % Correct
Chap. 3 PlayCare
73%
Chap. 2 GameStation
64%
Chap. 1 Make-A-Friend
64%
Chap. 4 Safe Haven
64%
Chap. 3 Playhouse
55%
Chap. 3 School
55%
Chap. 2 Statues
55%
Chap. 3 Home Sweet Home
45%
Chap. 2 Musical Memory
45%
Chap. 2 Wack-A-Wuggy
45%
Chap. 2 Elliot Ludwig's Office
36%
Chap. 1 Poppy's Room
36%
Chap. 1 Security
36%
Chap. 3 Train Station
36%
Chap. 1 Gift Shop
27%
Chap. 1 Lobby
27%
Chap. 2 Molding Room
27%
Chap. 4 No Man's Land
27%
Chap. 1 Entrance
18%
Chap. 1 Innovation
18%
Chap. 5 Labs
18%
Chap. 1 Power
18%
Chap. 5 Sweet Street
18%
Chap. 2 Bay 09
9%
Chap. 5 Biodiversity Labs
9%
Chap. 1 Cafeteria
9%
Chap. 2 Cart Corridors
9%
Chap. 4 Doctor's Lair
9%
Chap. 5 Dollhouse
9%
Chap. 4 Foundation
9%
Chap. 3 Gas Production Zone
9%
Chap. 5 Giblet's Hideout
9%
Chap. 4 Prison Entrance
9%
Chap. 5 Reanimation
9%
Chap. 2 Rejected Room
9%
Chap. 4 Shelf ventilation Block B6
9%
Chap. 1 Storage and Supply
9%
Chap. 1 Storage Bay
9%
Chap. 1 Theatre
9%
Chap. 3 Toy Store
9%
Chap. 3 Trash Compactor
9%
Chap. 4 Warden's Office
9%
Chap. 4 Archives
0%
Chap. 4 Auxiliary Power
0%
Chap. 2 Bay 2
0%
Chap. 5 Boilers
0%
Chap. 3 Caves
0%
Chap. 4 Cell Blocks
0%
Chap. 4 Cold Storage
0%
Chap. 5 Conditioning
0%
Chap. 3 Counselor Offices
0%
Chap. 5 Data Center
0%
Chap. 3 Elevator Hatch
0%
Chap. 3 Elliot's Express
0%
Chap. 5 Engineering
0%
Chap. 4 Foreman's Office
0%
Chap. 2 Furance
0%
Chap. 5 Gel Labs
0%
Chap. 2 GrabPack Storage
0%
Chap. 5 Grand Stitchery
0%
Chap. 2 Grinder
0%
Chap. 4 Infirmary
0%
Chap. 4 Interrogation Rooms
0%
Chap. 5 Labs Station
0%
Chap. 4 Loading Bay 1E
0%
Chap. 4 Lockers
0%
Chap. 5 Memory Room
0%
Chap. 4 Mineshafts
0%
Chap. 4 Mining Pit
0%
Chap. 5 Mortician's Office
0%
Chap. 2 Playplace
0%
Chap. 5 Poppy Farms
0%
Chap. 4 Poppy Gardens
0%
Chap. 4 Prison Kitchens
0%
Chap. 4 Prison Station
0%
Chap. 4 Prison Warehouse
0%
Chap. 4 Prison Yard
0%
Chap. 2 Production
0%
Chap. 5 Recycling and Reclamation
0%
Chap. 5 Research and Development
0%
Chap. 3 Safe Room
0%
Chap. 4 Secondary Labs
0%
Chap. 4 Server Room
0%
Chap. 4 Sewers
0%
Chap. 4 Showers
0%
Chap. 1 Stairway to Hell
0%
Chap. 1 Testing
0%
Chap. 2 Testing
0%
Chap. 4 Toy Graveyard
0%
Chap. 2 Train Tunnels
0%
Chap. 5 Utility Wing
0%
Chap. 4 Waste Water Plant
0%
Chap. 2 Water Treatment Room
0%
No matching quizzes found
Score Distribution
Percent of People with Each Score
Percentile by Number Answered
Your Score History
You have not taken this quiz since the last reset